[Event "Hessen-ch Seniors op 09th"]
[Site "Bad Sooden-Allendorf"]
[Date "2013.04.26"]
[Round "7"]
[White "Hesse, Klaus Dieter"]
[Black "Koehler, Marianne"]
[Result "1-0"]
[WhiteElo "1927"]
[BlackElo "1677"]
[PlyCount "87"]
[EventDate "2013.04.20"]
[EventType "swiss"]
[EventRounds "9"]
[EventCountry "GER"]
[SourceTitle "EXT 2019"]
[Source "ChessBase"]
[SourceDate "2018.10.10"]
[SourceVersion "1"]
[SourceVersionDate "2018.10.10"]
[SourceQuality "1"]

1. e4 e6 2. d4 d5 3. Nc3 Bb4 4. e5 c5 5. a3 Bxc3+ 6. bxc3 c4 7. Qg4 g6 8. Nf3 f5 9. Qg3 Ne7 10. h4 Nbc6 11. h5 Rg8 12. Ng5 gxh5 13. Rxh5 Kd7 14. Rxh7 Qe8 15. Qh4 b6 16. Be2 Qf8 17. Be3 Nd8 18. 0-0-0 Kc6 19. Bh5 Bd7 20. Rh1 Rg7 21. g3 Rxh7 22. Nxh7 Qg7 23. Nf6 Nf7 24. Bxf7 Qxf7 25. Qg5 Qf8 26. Rh7 Rd8 27. Rg7 b5 28. Nh7 Qe8 29. Rxe7 Qh8 30. Qf6 Re8 31. Kb2 a5 32. Qxh8 Rxh8 33. Nf6 Rd8 34. Rxd7 Rxd7 35. Nxd7 Kxd7 36. Kc1 a4 37. Kd1 Ke7 38. Ke2 Kf7 39. Kf3 Kg7 40. Kg2 Kg6 41. Kh3 Kh5 42. f3 Kg6 43. g4 fxg4+ 44. fxg4 1-0

[Event "Hessen-ch Seniors op 09th"]
[Site "Bad Sooden-Allendorf"]
[Date "2013.04.22"]
[Round "3"]
[White "Hesse, Klaus Dieter"]
[Black "Voeller, Lothar"]
[Result "1-0"]
[WhiteElo "1927"]
[BlackElo "1666"]
[PlyCount "80"]
[EventDate "2013.04.20"]
[EventType "swiss"]
[EventRounds "9"]
[EventCountry "GER"]
[SourceTitle "EXT 2019"]
[Source "ChessBase"]
[SourceDate "2018.10.10"]
[SourceVersion "1"]
[SourceVersionDate "2018.10.10"]
[SourceQuality "1"]

1. e4 g6 2. d4 d6 3. f4 Bg7 4. Nf3 Nf6 5. Nc3 0-0 6. Bd3 e6 7. Be3 b6 8. 0-0 Bb7 9. Qe1 Ng4 10. Bd2 f5 11. h3 Nf6 12. exf5 exf5 13. Qe6+ Kh8 14. Ng5 Qd7 15. Rae1 h6 16. Qxd7 Nbxd7 17. Ne6 Rfc8 18. Nb5 Be4 19. Nbxc7 Nf8 20. Rc1 Nxe6 21. Nxe6 Bd5 22. Nxg7 Kxg7 23. c4 Be4 24. Be2 Rc7 25. Bb4 Rd8 26. Kf2 Rcd7 27. Bc3 d5 28. b3 Re8 29. Rfe1 Kf7 30. c5 Bxg2 31. Bb5 Rxe1 32. Bxe1 Rd8 33. Kxg2 Ne4 34. b4 Kf6 35. h4 Ke6 36. a4 Rc8 37. Ra1 bxc5 38. bxc5 Nxc5 39. dxc5 Rxc5 40. Ra2 d4 1-0

[Event "Hessen-ch Seniors op 09th"]
[Site "Bad Sooden-Allendorf"]
[Date "2013.04.20"]
[Round "1"]
[White "Hesse, Klaus Dieter"]
[Black "Hottes, Dieter"]
[Result "1/2-1/2"]
[WhiteElo "1927"]
[BlackElo "2220"]
[PlyCount "75"]
[EventDate "2013.04.20"]
[EventType "swiss"]
[EventRounds "9"]
[EventCountry "GER"]
[SourceTitle "EXT 2019"]
[Source "ChessBase"]
[SourceDate "2018.10.10"]
[SourceVersion "1"]
[SourceVersionDate "2018.10.10"]
[SourceQuality "1"]

1. e4 b6 2. d4 Bb7 3. Nc3 e6 4. Nf3 Bb4 5. Bd3 Nf6 6. Qe2 d5 7. e5 Ne4 8. Bd2 Nxd2 9. Qxd2 c5 10. a3 cxd4 11. Nxd4 Bc5 12. Bb5+ Nd7 13. 0-0 a6 14. Bxd7+ Qxd7 15. Nce2 0-0 16. Rae1 a5 17. f4 Ba6 18. Rf3 f6 19. exf6 gxf6 20. Nc3 Rae8 21. Kh1 Kh8 22. f5 exf5 23. Nxf5 Rxe1+ 24. Qxe1 d4 25. Qd2 Bb7 26. Rf4 Rg8 27. Ng3 Qg7 28. Nce4 Qh6 29. Rxf6 Qxd2 30. Nxd2 Re8 31. Nf3 Re3 32. h4 d3 33. cxd3 Rxd3 34. Kh2 a4 35. Ne5 Rd2 36. Ng4 Kg8 37. Nh6+ Kh8 38. Nf7+ 1/2-1/2

[Event "Hessen-chB"]
[Site "Korbach"]
[Date "2013.03.30"]
[Round "7"]
[White "Hesse, Klaus Dieter"]
[Black "Engel, Markus"]
[Result "1-0"]
[WhiteElo "1927"]
[BlackElo "1415"]
[PlyCount "49"]
[EventDate "2013.03.27"]
[EventType "swiss"]
[EventRounds "7"]
[EventCountry "GER"]
[SourceTitle "EXT 2014"]
[Source "ChessBase"]
[SourceDate "2013.11.20"]
[SourceVersion "1"]
[SourceVersionDate "2013.11.20"]
[SourceQuality "1"]

1. e4 d5 2. exd5 Qxd5 3. Nc3 Qa5 4. d4 c6 5. Nf3 Nf6 6. Bd3 Bg4 7. 0-0 e6 8. Re1 Bd6 9. Ne4 Nxe4 10. Rxe4 Bf5 11. Rh4 Nd7 12. Bd2 Qc7 13. Bxf5 exf5 14. Qe2+ Kd8 15. Re1 Nf6 16. Bg5 Kc8 17. Bxf6 gxf6 18. Rh5 f4 19. Qe4 b6 20. Qf5+ Kb7 21. Qxf6 Rhe8 22. Rxh7 Rxe1+ 23. Nxe1 Re8 24. Nf3 Re7 25. Kf1 1-0

[Event "Hessen-chB"]
[Site "Korbach"]
[Date "2013.03.30"]
[Round "6"]
[White "Rolf, Marco"]
[Black "Hesse, Klaus Dieter"]
[Result "1-0"]
[WhiteElo "1864"]
[BlackElo "1927"]
[PlyCount "79"]
[EventDate "2013.03.27"]
[EventType "swiss"]
[EventRounds "7"]
[EventCountry "GER"]
[SourceTitle "EXT 2014"]
[Source "ChessBase"]
[SourceDate "2013.11.20"]
[SourceVersion "1"]
[SourceVersionDate "2013.11.20"]
[SourceQuality "1"]

1. d4 Nf6 2. c4 g6 3. Nc3 d5 4. Bf4 c6 5. e3 Bg7 6. Nf3 0-0 7. Bd3 Bg4 8. h3 Bxf3 9. Qxf3 dxc4 10. Bxc4 Nbd7 11. 0-0 Nb6 12. Bb3 Nfd5 13. Bh2 e6 14. Rad1 Qf6 15. Qe2 Nxc3 16. bxc3 Rad8 17. c4 Rd7 18. a4 Re8 19. a5 Nc8 20. Ba4 Ne7 21. Rb1 Nf5 22. a6 Qe7 23. axb7 Rxb7 24. g4 Rxb1 25. Rxb1 Nd6 26. Bxc6 Rc8 27. Bb5 e5 28. Ba6 Rf8 29. c5 Ne4 30. Rb7 Qh4 31. Qf3 f5 32. Bxe5 Bxe5 33. dxe5 Ng5 34. Qg3 Nxh3+ 35. Kg2 Qxg3+ 36. Kxg3 fxg4 37. Bc4+ Kh8 38. Rf7 Rc8 39. e6 Ng5 40. e7 1-0

[Event "GER Seniors Derby 08th"]
[Site "Wesel Undeloh"]
[Date "2009.04.18"]
[Round "5.21"]
[White "Hesse, Klaus Dieter"]
[Black "Mack, Friedemann"]
[Result "1-0"]
[WhiteElo "1633"]
[BlackElo "1300"]
[PlyCount "57"]
[EventDate "2009.04.16"]
[EventType "swiss"]
[EventRounds "7"]
[EventCountry "GER"]
[SourceTitle "EXT 2022"]
[Source "ChessBase"]
[SourceDate "2021.10.06"]
[SourceVersion "1"]
[SourceVersionDate "2021.10.06"]
[SourceQuality "1"]

1. e4 e5 2. f4 Nc6 3. Nf3 d6 4. Bc4 Be7 5. 0-0 Nf6 6. d3 Bg4 7. c3 Na5 8. Bb3 c6 9. Kh1 0-0 10. Be3 b6 11. Bc2 Nh5 12. Qd2 Bf6 13. Na3 Nxf4 14. Bxf4 exf4 15. Qxf4 Be6 16. Qd2 Nb7 17. d4 g6 18. Bd3 Bg4 19. Nc2 Bxf3 20. gxf3 Qe7 21. Ne3 Nd8 22. f4 b5 23. Qg2 Ne6 24. Rf3 Bg7 25. Raf1 a6 26. f5 Qg5 27. fxe6 Qxg2+ 28. Kxg2 fxe6 29. Ng4 1-0

[Event "GER Seniors Derby 08th"]
[Site "Wesel Undeloh"]
[Date "2009.04.18"]
[Round "6.20"]
[White "Manthey, Wolfgang"]
[Black "Hesse, Klaus Dieter"]
[Result "1-0"]
[WhiteElo "1604"]
[BlackElo "1633"]
[PlyCount "57"]
[EventDate "2009.04.16"]
[EventType "swiss"]
[EventRounds "7"]
[EventCountry "GER"]
[SourceTitle "EXT 2022"]
[Source "ChessBase"]
[SourceDate "2021.10.06"]
[SourceVersion "1"]
[SourceVersionDate "2021.10.06"]
[SourceQuality "1"]

1. d4 Nf6 2. Nf3 g6 3. c4 c5 4. d5 b5 5. Nc3 b4 6. Na4 d6 7. b3 Bg7 8. Bb2 Bd7 9. Qc2 Bf5 10. Qd1 0-0 11. Rc1 Bh6 12. e3 Re8 13. Bd3 e6 14. Bxf5 exf5 15. 0-0 f4 16. exf4 Bxf4 17. Rc2 Nbd7 18. Re1 Ne4 19. Rce2 f5 20. g3 Be5 21. Nxe5 Nxe5 22. Bxe5 dxe5 23. f3 Nc3 24. Nxc3 bxc3 25. Rxe5 Rxe5 26. Rxe5 Qf6 27. f4 Kf7 28. Qd3 Re8 29. Qxc3 1-0